| 000 | 00422nam a2200133 4500 | ||
|---|---|---|---|
| 999 |
_c14167 _d14167 |
||
| 008 | 190903b ||||| |||| 00| 0 eng d | ||
| 082 | _aDPer 050 T48 Apr-June 2016 v. 187 n. 12-24 | ||
| 100 |
_939292 _aRothman, Lily. |
||
| 245 |
_aPutting pen to paper/ _cLily Rothman. |
||
| 260 |
_aHong Kong: _bTime Asia, _cc2016. |
||
| 300 |
_av187 n19, page 42: _billustrations; _c27 cm. |
||
| 650 |
_aAuthors. _939713 |
||
| 942 |
_2ddc _cPER |
||